Medzinárodné sympózium o modeloch a prognózach v socialistickom hospodárstve

Podrobná bibliografia
Hlavný autor: Ondrčka, Pavel, 1935- (Autor)
Médium: Článok
Jazyk:slovenčina
Predmet:

MARC

LEADER 00000nab a2200000Ia 4500
001 vtls010816483
003 SK-MaSNL
005 20260303134753.0
008 230218|1977 xo |||||||||||||||||slo|
035 |a (urnnbn)urn:nbn:sk:snk:ar-a058sd 
035 |a urn:nbn:sk:snk-ab5kul 
035 |a (uuid)5d1760c5-25b8-42a6-8589-2a6f843d8d1e 
040 |a SNKBUCL  |b slo  |c SNKBUCL  |e AACR2 
041 0 |a slo 
044 |a xo  |c SK 
080 |a 321.74  |2 2001 
100 1 |a Ondrčka, Pavel,  |d 1935-  |4 aut  |9 194467 
245 1 0 |a Medzinárodné sympózium o modeloch a prognózach v socialistickom hospodárstve  |c Pavol Ondrčka 
611 2 7 |a Medzinárodné sympózium o modeloch a prognózach v socialistickom hospodárstve  |d (1976 : Jachranka pri Varšave, Poľsko)  |g sympózium  |2 snkbucl  |9 1155582 
648 7 |a 8.12.-10.12.1976  |2 SNK  |9 1155583 
650 0 7 |a sympózia  |2 SNKPH  |9 22177 
650 0 7 |a prognózy  |2 SNKPH  |9 3871 
650 0 7 |a socializmus  |2 SNKPH  |9 2151 
650 0 7 |a hospodárstvo  |2 SNKPH  |9 14275 
773 0 |t Ekonomický časopis : časopis pre ekonomickú teóriu, hospodársku politiku, spoločensko-ekonomické prognózovanie  |g Roč. 25, č. 7 (1977), s. 665-666 
954 |a odborná, vedecká literatúra pôvodná (slovenská)  |2 lita 
958 |a OND 
958 |a EUIPO 
958 |a article5 
999 |c 1961656  |d 1963586